000 00437nam a2200157 i 4500
001 95431
003 ES-MaACL
005 20230906181714.0
007 t|
008 050530s1934 cu ||||1| spa d
100 1 _aLles y Beryades, Fernando.
_972772
245 1 3 _aEl individuo, la sociedad y el estado /
_cFernando Lles y Beryades.
260 _aHabana :
_bCultural,
_c1934.
300 _a300 p. ;
_c20 cm.
852 _aES-MaACL
_jA-4005
999 _c95431
_d95431